000 01316cam a22002174a 4500
005 20250605164031.0
008 250528s ||||||||||||||||||||||||d
035 _a16626
020 _a9603220078
040 _aGR-AtMCL
_bgre
_dGR-AtMCL
_eAACR2
245 1 _aΙστορία του Ελληνικού Κινηματογράφου / ΣΤ' Τόμος Ε' 'Εκδοση Αναθεωρημένη
250 _a
260 _bΑιγόκερως,
_c1992
300 _a288
505 0 _a1984-1985, 1985-1986, 1986-1987, Β' Πανελλήνιο Συνέδριο Κινηματογράφου, 1987-1988, Φωτογραφικό Οδοιπορικό στον Ελληνικό Κινηματογράφο (1984-1988), 1989-1990, Φωτογραφικό Οδοιπορικό στον Ελληνικό Κινηματογράφο (1988-1990).
520 _a1984-1985, 1985-1986, 1986-1987, Β' Πανελλήνιο Συνέδριο Κινηματογράφου, 1987-1988, Φωτογραφικό Οδοιπορικό στον Ελληνικό Κινηματογράφο (1984-1988), 1989-1990, Φωτογραφικό Οδοιπορικό στον Ελληνικό Κινηματογράφο (1988-1990).
700 1 _aΣολδατός Γιάννης
_92716
942 _cBK
999 _c2105
_d2105